Nuevamente en torno al problema de asignación de recursos en el sector agropecuario pampeano (Registro nro. 16238)
[ vista simple ]
| 000 -LEADER | |
|---|---|
| fixed length control field | 00470 a2200133 4500 |
| 001 - CONTROL NUMBER | |
| control field | ART_3206 |
| 005 - DATE AND TIME OF LATEST TRANSACTION | |
| control field | 20260410161713.0 |
| 008 - FIXED-LENGTH DATA ELEMENTS--GENERAL INFORMATION | |
| fixed length control field | 260409a |
| 100 1# - MAIN ENTRY--PERSONAL NAME | |
| Personal name | Piñeiro, Martín E. |
| 245 10 - TITLE STATEMENT | |
| Title | Nuevamente en torno al problema de asignación de recursos en el sector agropecuario pampeano |
| 700 1# - ADDED ENTRY--PERSONAL NAME | |
| Personal name | Martínez, Juan Carlos |
| 700 1# - ADDED ENTRY--PERSONAL NAME | |
| Personal name | Chevallier Boutell, Carlos |
| 773 0# - HOST ITEM ENTRY | |
| Title | Desarrollo económico |
| Related parts | - Vol. 16, Nº 61 (abr./jun. 1976) |
| Record control number | REV1174 |
No hay ítems disponibles.